[Event "Championnat de France - Open B"]
[Site "PAU"]
[Date "2012.08.14"]
[Round "1.1"]
[White "Perradin, Vincent"]
[Black "Renaux, Osmin"]
[Result "1/2-1/2"]
[WhiteElo "1875"]
[BlackElo "1997"]
[PlyCount "56"]

1. e4 e5 2. Nf3 Nc6 3. Bb5 a6 4. Bxc6 dxc6 5. O-O Bg4 6. h3 h5 7. d3 Qf6 8.
Nbd2 Bd6 9. Re1 Ne7 10. hxg4 hxg4 11. Nh2 Rxh2 12. Kxh2 Qh4+ 13. Kg1 Bc5 14.
Re3 O-O-O 15. Nf3 gxf3 16. Rxf3 Rh8 17. Kf1 Qh1+ 18. Ke2 Qxg2 19. Be3 Bxe3 20.
Rxe3 Ng6 21. Rg3 Nf4+ 22. Ke3 Qh2 23. Qg4+ Ne6 24. Rgg1 Rh4 25. Rg2 Qh1 26.
Rgg1 Qh2 27. Rg2 Qh1 28. Rgg1 Qh2 1/2-1/2

[Event "Championnat de France - Open B"]
[Site "PAU"]
[Date "2012.08.14"]
[Round "1.2"]
[White "Nobili, Denis"]
[Black "Le Pen, Steven"]
[Result "1-0"]
[WhiteElo "1995"]
[BlackElo "1874"]
[PlyCount "103"]

1. d4 Nf6 2. c4 c5 3. d5 g6 4. Nc3 Bg7 5. e4 d6 6. Bd3 O-O 7. Nge2 e5 8. f3 Ne8
9. Qc2 f5 10. exf5 gxf5 11. Bd2 Na6 12. a3 Qh4+ 13. g3 Qh5 14. Ng1 Nac7 15.
O-O-O Bd7 16. Rf1 Rb8 17. Nge2 a6 18. h4 Bh6 19. g4 Bxd2+ 20. Qxd2 Qf7 21. gxf5
Bxf5 22. Ne4 Bxe4 23. Bxe4 Nf6 24. Ng3 Kh8 25. Qh6 b5 26. Nf5 Qd7 27. Rfg1 Nce8
28. cxb5 Rf7 29. bxa6 Qb5 30. Qd2 Qxa6 31. Rg2 Qc4+ 32. Qc2 Qa2 33. Rhg1 Rfb7
34. Nh6 Ng7 35. Qc3 Nxd5 36. Bxd5 Qxd5 37. Kb1 Qe6 38. Qc1 Qb3 39. Ka1 Ra8 40.
Rxg7 Rxg7 41. Rxg7 Kxg7 42. Qg5+ Kf8 43. Qf6+ Ke8 44. Qh8+ Kd7 45. Qxa8 Qc4 46.
Qb7+ Ke8 47. Qc8+ Ke7 48. Nf5+ Kf6 49. Qf8+ Kg6 50. Qh6+ Kxf5 51. Qg5+ Ke6 52.
Qg8+ 1-0

[Event "Championnat de France - Open B"]
[Site "PAU"]
[Date "2012.08.14"]
[Round "1.3"]
[White "Henry, Florent"]
[Black "N'Guyen, Julien"]
[Result "0-1"]
[WhiteElo "1873"]
[BlackElo "1983"]
[PlyCount "94"]

1. e4 c6 2. d4 d5 3. Nd2 dxe4 4. Nxe4 Bf5 5. Ng3 Bg6 6. Nf3 Nd7 7. Bd3 e6 8.
Bf4 Qa5+ 9. c3 Ngf6 10. O-O Nd5 11. Be3 Bd6 12. Ne4 Bxe4 13. Bxe4 N7f6 14. Bc2
Qc7 15. h3 Nxe3 16. fxe3 O-O-O 17. e4 e5 18. Qe2 Kb8 19. Nd2 Qb6 20. Nc4 Qc7
21. Rf5 Rhe8 22. Rd1 exd4 23. cxd4 Bh2+ 24. Kh1 b5 25. e5 bxc4 26. Kxh2 Nd5 27.
Qxc4 g6 28. Rf3 f6 29. Ba4 fxe5 30. Qxc6 Qxc6 31. Bxc6 Re6 32. Rc1 exd4 33. Rf7
Ne7 34. Bf3 h5 35. Rc4 d3 36. Rb4+ Kc7 37. Rb7+ Kd6 38. Rxa7 d2 39. Ra6+ Ke5
40. Ra5+ Kd4 41. Bd1 Nf5 42. Rb7 Re1 43. Rb4+ Ke3 44. Re5+ Kd3 45. Rb3+ Kd4 46.
Re2 Rxd1 47. Rc3 Rh1+ 0-1

[Event "Championnat de France - Open B"]
[Site "PAU"]
[Date "2012.08.14"]
[Round "1.4"]
[White "Joslin, Jerome"]
[Black "Claisse, Patrick"]
[Result "1-0"]
[WhiteElo "1973"]
[BlackElo "1872"]
[PlyCount "130"]

1. d4 Nf6 2. c4 g6 3. Nc3 d5 4. cxd5 Nxd5 5. e4 Nxc3 6. bxc3 Bg7 7. Bc4 c5 8.
Ne2 Nc6 9. Be3 O-O 10. O-O Qc7 11. Qc1 cxd4 12. cxd4 Bd7 13. Rb1 Rac8 14. Bd3
Qb8 15. Qa3 b6 16. Bb5 Rfe8 17. Qa4 Red8 18. Rfc1 Qa8 19. d5 Ne5 20. Bxd7 Nxd7
21. Rxc8 Qxc8 22. Rc1 Qb8 23. Qc2 Nf8 24. Nd4 Rd7 25. Qc4 Qb7 26. Qc6 Qa6 27.
a4 Qd3 28. Qc2 Qxc2 29. Nxc2 Rc7 30. Nb4 Rxc1+ 31. Bxc1 Nd7 32. Be3 a5 33. Nc6
Kf8 34. f4 Bb2 35. Kf1 Ba3 36. Ke2 Nc5 37. Bxc5 Bxc5 38. g4 Ke8 39. Kd3 f6 40.
e5 fxe5 41. fxe5 Kd7 42. Nd4 Ba3 43. e6+ Ke8 44. Kc4 Bc5 45. Nf3 Kd8 46. Ne5
Kc7 47. h3 Bf2 48. Nf7 Bc5 49. Ne5 Bf2 50. Nd7 h5 51. Ne5 hxg4 52. Nxg4 Bg3 53.
Kd4 Kd6 54. Nh6 Bf2+ 55. Ke4 Bc5 56. Nf7+ Kc7 57. Kd3 b5 58. axb5 a4 59. Kc4
Kb6 60. Ne5 Bd6 61. Nxg6 a3 62. Kb3 Kc5 63. h4 Kxd5 64. h5 Be5 65. Nxe5 Kxe5
1-0

[Event "Championnat de France - Open B"]
[Site "PAU"]
[Date "2012.08.14"]
[Round "1.5"]
[White "Mayot, Philippe"]
[Black "Gambini, Stephane"]
[Result "1-0"]
[WhiteElo "1867"]
[BlackElo "1972"]
[PlyCount "71"]

1. d4 Nf6 2. c4 e6 3. Nc3 d5 4. Nf3 Be7 5. Bf4 a6 6. e3 Nbd7 7. c5 Nh5 8. Bg3
Nxg3 9. hxg3 c6 10. Bd3 e5 11. dxe5 Bxc5 12. e6 fxe6 13. Bg6+ Kf8 14. Rxh7 Rxh7
15. Bxh7 Qf6 16. Qc2 e5 17. Bf5 Bb4 18. O-O-O Bxc3 19. bxc3 e4 20. Nd4 Nc5 21.
Bxc8 Rxc8 22. Rh1 Kg8 23. f4 Nd3+ 24. Kd2 Qg6 25. Ne2 b5 26. Qb1 Rb8 27. Rh3 b4
28. Qh1 bxc3+ 29. Kxc3 Rb2 30. Rh8+ Kf7 31. Qh3 Qf6+ 32. Nd4 c5 33. Qh5+ Ke7
34. Qe8+ Kd6 35. Qc6+ Ke7 36. Qc7# 1-0

[Event "Championnat de France - Open B"]
[Site "PAU"]
[Date "2012.08.14"]
[Round "1.6"]
[White "Chebance, Benoit"]
[Black "Alonso, Audrey"]
[Result "1-0"]
[WhiteElo "1961"]
[BlackElo "1863"]
[PlyCount "81"]

1. e4 e5 2. Nf3 Nc6 3. d4 exd4 4. Bc4 Nf6 5. O-O d5 6. exd5 Nxd5 7. Nxd4 Nxd4
8. Qxd4 Be6 9. Re1 Nb6 10. Qxd8+ Rxd8 11. Bxe6 fxe6 12. Rxe6+ Kf7 13. Re1 Bb4
14. c3 Rhe8 15. Kf1 Bc5 16. Nd2 Na4 17. Ne4 Bb6 18. b3 Nc5 19. Nxc5 Rxe1+ 20.
Kxe1 Bxc5 21. Bf4 Rd3 22. Rc1 c6 23. Rc2 Kg6 24. Ke2 Rd7 25. Bg3 Kf5 26. Rd2
Re7+ 27. Kf1 g6 28. Re2 b5 29. Rxe7 Bxe7 30. Ke2 Ke4 31. f3+ Kd5 32. Kd3 a6 33.
Bc7 Bf6 34. g4 Be5 35. Bxe5 Kxe5 36. Ke3 g5 37. c4 bxc4 38. bxc4 c5 39. a3 h6
40. h3 h5 41. a4 1-0

[Event "Championnat de France - Open B"]
[Site "PAU"]
[Date "2012.08.14"]
[Round "1.7"]
[White "Chancerel, Dominique"]
[Black "Dupouy, Francois"]
[Result "0-1"]
[WhiteElo "1863"]
[BlackElo "1961"]
[PlyCount "72"]

1. e4 e6 2. d4 d5 3. Nc3 Nc6 4. Bb5 dxe4 5. Nxe4 Qd5 6. Bxc6+ Qxc6 7. f3 Be7 8.
Ne2 Nf6 9. Qd3 O-O 10. O-O b5 11. Bg5 Nd5 12. Bxe7 Nxe7 13. N2g3 b4 14. Rfc1
Ba6 15. Qd2 Qb6 16. Nc5 Rfd8 17. Nxa6 Qxa6 18. Qxb4 Nc6 19. Qc5 Nxd4 20. Re1
Qb6 21. Qxb6 axb6 22. Rec1 f5 23. Kf1 f4 24. Ne4 Nf5 25. c4 Ne3+ 26. Ke2 Rd4
27. g3 Nxc4 28. gxf4 c5 29. b3 Na3 30. Rg1 Nb5 31. a4 Nc7 32. Rad1 Rad8 33.
Rxd4 Rxd4 34. Rc1 Nd5 35. a5 Nxf4+ 36. Kf2 Nd3+ 0-1

[Event "Championnat de France - Open B"]
[Site "PAU"]
[Date "2012.08.14"]
[Round "1.8"]
[White "Tchefranoff, Stephane"]
[Black "Penalver, Marion"]
[Result "1-0"]
[WhiteElo "1959"]
[BlackElo "1863"]
[PlyCount "77"]

1. e4 c5 2. c3 d5 3. exd5 Qxd5 4. d4 Nc6 5. Nf3 Bg4 6. dxc5 Qxd1+ 7. Kxd1 e5 8.
Be3 f5 9. Kc1 Bxf3 10. gxf3 f4 11. Bd2 Bxc5 12. Be1 Nf6 13. Nd2 a6 14. b4 Be7
15. Kb2 b5 16. a4 Rb8 17. axb5 axb5 18. Ne4 O-O 19. Bh3 Nxe4 20. fxe4 Ra8 21.
Rxa8 Rxa8 22. Bd7 Na7 23. f3 Rd8 24. Be6+ Kf8 25. Bd5 Nc8 26. Bf2 Nd6 27. Bb6
Rc8 28. Ra1 Nc4+ 29. Bxc4 bxc4 30. Rd1 Rc6 31. Ba5 Rh6 32. Rd2 Rh3 33. b5 Bc5
34. b6 Rxf3 35. b7 Ba7 36. Bb6 Bb8 37. Rd8+ Ke7 38. Rxb8 Rd3 39. Rg8 1-0

[Event "Championnat de France - Open B"]
[Site "PAU"]
[Date "2012.08.14"]
[Round "1.9"]
[White "Germond, Thierry"]
[Black "Touzeau, Maxime"]
[Result "1/2-1/2"]
[WhiteElo "1862"]
[BlackElo "1954"]
[PlyCount "122"]

1. d4 d5 2. c4 c6 3. Nc3 Nf6 4. e3 Bf5 5. Qb3 Qd7 6. Nf3 dxc4 7. Bxc4 e6 8. Ne5
Qc7 9. Bd3 Bxd3 10. Nxd3 Be7 11. e4 O-O 12. e5 Nfd7 13. O-O c5 14. dxc5 Nxc5
15. Nxc5 Bxc5 16. Ne4 Qxe5 17. Nxc5 Qxc5 18. Qxb7 Qc6 19. Qxc6 Nxc6 20. Be3 e5
21. Rac1 Rac8 22. Rfd1 Rfd8 23. Kf1 Rxd1+ 24. Rxd1 Rc7 25. b4 f6 26. b5 Nb4 27.
a4 Nc2 28. Ke2 Nxe3 29. Kxe3 Kf7 30. Rd6 Ke7 31. Ra6 Kd7 32. Ke4 Kc8 33. Kd5
Kb7 34. Re6 Rc2 35. Re7+ Kb6 36. Re6+ Kb7 37. Re7+ Kb6 38. Rxg7 Rxf2 39. h4
Rd2+ 40. Ke6 Rf2 41. Rxh7 e4 42. Kd5 Rxg2 43. Re7 f5 44. Re6+ Kb7 45. h5 Rh2
46. h6 Kc8 47. Kc6 Rc2+ 48. Kd6 Rh2 49. a5 e3 50. Re8+ Kb7 51. Rxe3 Rxh6+ 52.
Ke5 Rh5 53. Kf4 Rh4+ 54. Kg5 Rc4 55. Re7+ Kb8 56. a6 Rc5 57. Rb7+ Ka8 58. Kf4
Rc8 59. Kxf5 Rb8 60. Rxb8+ Kxb8 61. Ke6 Ka8 1/2-1/2

[Event "Championnat de France - Open B"]
[Site "PAU"]
[Date "2012.08.14"]
[Round "1.10"]
[White "Burtin, Laurent"]
[Black "Gaftarnik, Olivier"]
[Result "1-0"]
[WhiteElo "1950"]
[BlackElo "1855"]
[Annotator "Rivier,Sylvain"]
[PlyCount "35"]

1. e4 e5 2. Bc4 Nf6 3. Nf3 Nc6 4. Ng5 d5 5. exd5 Na5 6. Bb5+ c6 7. dxc6 bxc6 8.
Ba4 h6 9. Nf3 e4 10. Qe2 Be7 11. Ne5 Bb7 12. Nc3 O-O 13. Ng4 c5 14. Nxf6+ Bxf6
15. Nxe4 Nc6 16. Bxc6 Bxc6 17. d4 Re8 18. O-O {suite illisible} 1-0

[Event "Championnat de France 2012 - Open B"]
[Site "PAU"]
[Date "2012.08.15"]
[Round "2.1"]
[White "Graton, Tanguy"]
[Black "Nobili, Denis"]
[Result "1/2-1/2"]
[WhiteElo "1893"]
[BlackElo "1995"]
[PlyCount "134"]

1. e4 e5 2. Nf3 Nc6 3. d4 exd4 4. Nxd4 Bc5 5. Be3 Qf6 6. c3 Nge7 7. Bc4 Ne5 8.
Be2 Qg6 9. O-O d6 10. Nb5 Bh3 11. Bf3 O-O-O 12. Qe2 Bxe3 13. Qxe3 N7c6 14. Kh1
Nxf3 15. Qxf3 Bd7 16. Qe3 a6 17. Nd4 Rde8 18. Nd2 d5 19. f3 dxe4 20. fxe4 f5
21. Nxf5 Bxf5 22. exf5 Qxg2+ 23. Kxg2 Rxe3 24. Rf2 Ne5 25. h3 Nd3 26. Nc4 Re4
27. Rd2 Nf4+ 28. Kf3 Rxc4 29. b3 Rxc3+ 30. Kxf4 Rxh3 31. Rg1 Rh4+ 32. Kf3 Rg8
33. f6 Rh6 34. fxg7 Rg6 35. Rh1 R6xg7 36. Rdh2 Rf8+ 37. Ke4 Re7+ 38. Kd5 Rff7
39. Rh6 Kd7 40. R1h5 Ke8 41. b4 Kf8 42. a4 Kg8 43. Kc5 Rg7 44. b5 axb5 45. axb5
b6+ 46. Kd4 Rg6 47. Rh3 Rxh6 48. Rxh6 Kg7 49. Rc6 h5 50. Kd5 Kg8 51. Rc1 h4 52.
Rh1 Rh7 53. Kc6 h3 54. Rh2 Kf8 55. Kb7 Ke8 56. Kc8 Rh5 57. Kxc7 Rxb5 58. Rxh3
Rb1 59. Re3+ Kf7 60. Kd6 Kf6 61. Rf3+ Kg5 62. Kd5 Kg4 63. Rc3 Kf4 64. Kc4 Ke4
65. Rb3 Rxb3 66. Kxb3 Kd5 67. Kb4 Kc6 1/2-1/2

[Event "Championnat de France 2012 - Open B"]
[Site "PAU"]
[Date "2012.08.15"]
[Round "2.2"]
[White "N'Guyen, Julien"]
[Black "Froment, Theophile"]
[Result "1/2-1/2"]
[WhiteElo "1983"]
[BlackElo "1892"]
[PlyCount "80"]
[EventDate "2012.??.??"]

1. d4 g6 2. c4 Bg7 3. Nc3 Nf6 4. e4 d6 5. Nf3 O-O 6. Bg5 h6 7. Bh4 c5 8. d5 e6
9. Bd3 exd5 10. cxd5 Bg4 11. h3 Bxf3 12. Qxf3 a6 13. a4 Nbd7 14. Bg3 Qc7 15.
O-O Nh5 16. Bh2 Ne5 17. Qe3 Rae8 18. Be2 Nf6 19. Qd2 Ned7 20. Qc2 c4 21. Rfe1
Qc5 22. Bf1 b5 23. axb5 axb5 24. Ra5 Rb8 25. Nxb5 Rxb5 26. Bxd6 Rxa5 27. Bxc5
Rxc5 28. Bxc4 Ne5 29. b3 Nxc4 30. bxc4 Rfc8 31. Rc1 Nd7 32. Qe2 Ne5 33. d6 Nd7
34. f4 Nf8 35. e5 Ne6 36. Qe4 Re8 37. Re1 Rec8 38. Rc1 Re8 39. Re1 Rec8 40. Rc1
Re8 1/2-1/2

[Event "Championnat de France 2012 - Open B"]
[Site "PAU"]
[Date "2012.08.15"]
[Round "2.3"]
[White "Bombail, Leonard"]
[Black "Joslin, Jerome"]
[Result "0-1"]
[WhiteElo "1885"]
[BlackElo "1973"]
[PlyCount "136"]
[EventDate "2012.??.??"]

1. e4 e5 2. Nf3 Nc6 3. Bc4 Nf6 4. d4 exd4 5. O-O Nxe4 6. Re1 d5 7. Bxd5 Qxd5 8.
Nc3 Qa5 9. Nxe4 Be6 10. Neg5 O-O-O 11. Nxe6 fxe6 12. Ng5 Bb4 13. Rxe6 Qd5 14.
Qg4 Kb8 15. Bf4 Rdf8 16. a3 h5 17. Qg3 h4 18. Bxc7+ Ka8 19. Qg4 Be7 20. Nh3 Qd7
21. Bf4 Nd8 22. Rg6 Qxg4 23. Rxg4 Bf6 24. Bg5 Nc6 25. Bxf6 gxf6 26. Re1 Rc8 27.
b4 Ne5 28. Rxd4 Rxc2 29. Nf4 Rg8 30. Kf1 Ng4 31. Kg1 Nxf2 32. Re2 Nh3+ 33. Kf1
Rc1+ 34. Re1 Rxe1+ 35. Kxe1 Nxf4 36. Rxf4 Rxg2 37. Rxh4 a6 38. a4 Kb8 39. a5
Rb2 40. h3 Kc7 41. Rc4+ Kd6 42. h4 Kd5 43. Rf4 Ke5 44. Rc4 f5 45. h5 Kf6 46. h6
Kg6 47. Rc7 Kxh6 48. Rxb7 Kg5 49. Rb6 Kg4 50. Rxa6 Rxb4 51. Ra8 Kf3 52. a6 Re4+
53. Kd2 Re2+ 54. Kd3 Re7 55. a7 f4 56. Kd2 Rg7 57. Ke1 Rd7 58. Rb8 Rxa7 59.
Rb3+ Kg2 60. Rb2+ Kg3 61. Rb8 Ra1+ 62. Ke2 f3+ 63. Kd2 Kf2 64. Rf8 Kg2 65. Rg8+
Kf1 66. Rf8 f2 67. Rf7 Ra3 68. Rf8 Kg2 0-1

[Event "Championnat de France 2012 - Open B"]
[Site "PAU"]
[Date "2012.08.15"]
[Round "2.4"]
[White "Grego, Pierre"]
[Black "Chebance, Benoit"]
[Result "1/2-1/2"]
[WhiteElo "1885"]
[BlackElo "1961"]
[PlyCount "104"]
[EventDate "2012.??.??"]

1. e4 d5 2. exd5 Qxd5 3. Nc3 Qd6 4. d4 Nf6 5. Nf3 a6 6. Bc4 b5 7. Bb3 Bb7 8.
O-O c5 9. dxc5 Qxd1 10. Rxd1 e6 11. Be3 Nbd7 12. c6 Bxc6 13. Nd4 Bb7 14. a3 Nc5
15. Ba2 Be7 16. f3 Rd8 17. Nb3 Rxd1+ 18. Rxd1 Nxb3 19. Bxb3 O-O 20. Bb6 Rc8 21.
Kf2 Kf8 22. Ke2 Ke8 23. Bf2 Nh5 24. g3 Nf6 25. Rd2 Nd7 26. Bd4 Bf6 27. Bxf6
Nxf6 28. Ke3 Ke7 29. Rd4 Rc5 30. a4 Ne8 31. axb5 axb5 32. Ne4 Bxe4 33. Rxe4 Nd6
34. Rb4 Rh5 35. h4 g5 36. hxg5 Rxg5 37. g4 h5 38. gxh5 Rxh5 39. c3 Rh2 40. Ba2
Rh1 41. c4 bxc4 42. Bxc4 Rh2 43. Bd3 e5 44. b3 f5 45. Be2 Ke6 46. Bc4+ Ke7 47.
Bd5 Rc2 48. Kd3 Rc5 49. Bg8 Rc8 50. Bd5 Rc5 51. Bg8 Rc8 52. Bd5 Rc5 1/2-1/2

[Event "Championnat de France 2012 - Open B"]
[Site "PAU"]
[Date "2012.08.15"]
[Round "2.5"]
[White "Dupouy, Francois"]
[Black "Marks, Andy"]
[Result "1-0"]
[WhiteElo "1961"]
[BlackElo "1878"]
[PlyCount "87"]
[EventDate "2012.??.??"]

1. e4 b6 2. d4 Bb7 3. Nc3 g6 4. Nf3 Bg7 5. Bd3 d6 6. O-O c5 7. d5 Nf6 8. Bb5+
Nbd7 9. e5 dxe5 10. Nxe5 O-O 11. Nc6 Bxc6 12. Bxc6 Rc8 13. Bf4 e5 14. Bg5 Nb8
15. Qf3 Nxc6 16. dxc6 h6 17. Rad1 hxg5 18. Rxd8 Rfxd8 19. Rd1 Rxd1+ 20. Qxd1
Rxc6 21. Nd5 Kh7 22. Nxf6+ Rxf6 23. f3 e4 24. fxe4 Rf4 25. c3 Rxe4 26. Qd5 Re2
27. Qxf7 Rxb2 28. Qxa7 Kh6 29. Qd7 Rb1+ 30. Kf2 Rb2+ 31. Kf1 Be5 32. Qe6 Bf4
33. g3 Rb1+ 34. Ke2 Rb2+ 35. Kf3 Bc1 36. Qg8 g4+ 37. Kxg4 g5 38. Qf8+ Kg6 39.
Qf5+ Kg7 40. h4 gxh4 41. Kxh4 Rxa2 42. Qd7+ Kf6 43. Qd6+ Kg7 44. Qe7+ 1-0

[Event "Championnat de France 2012 - Open B"]
[Site "PAU"]
[Date "2012.08.15"]
[Round "2.6"]
[White "Parny, Mathieu"]
[Black "Tchefranoff, Stephane"]
[Result "1-0"]
[WhiteElo "1880"]
[BlackElo "1959"]
[PlyCount "83"]
[EventDate "2012.??.??"]

1. e4 d5 2. exd5 Qxd5 3. Nc3 Qd6 4. d4 Nf6 5. Nb5 Qd8 6. Bf4 Nd5 7. Qf3 c6 8.
Bxb8 Rxb8 9. Bc4 Be6 10. Ne2 Qa5+ 11. Kf1 Rd8 12. Nbc3 g6 13. Nxd5 Bxd5 14.
Bxd5 Rxd5 15. c3 Bg7 16. g3 O-O 17. Kg2 e5 18. dxe5 Bxe5 19. Qe3 Bc7 20. Nd4
Re5 21. Qd2 Rd8 22. Qc2 Qd5+ 23. Nf3 Rf5 24. Qe2 Qd7 25. Rad1 Rd5 26. Rxd5 Qxd5
27. Re1 Qxa2 28. Qe7 Qa5 29. Ng5 Qd5+ 30. Kg1 Rd7 31. Qf6 Rd8 32. Re7 Qd1+ 33.
Kg2 Qd5+ 34. Kh3 Bb6 35. Ne6 Qf5+ 36. Qxf5 gxf5 37. Nxd8 Kf8 38. Rxf7+ Ke8 39.
Rxh7 Kxd8 40. Rxb7 Bxf2 41. Kg2 Be3 42. Kf3 1-0

[Event "Championnat de France 2012 - Open B"]
[Site "PAU"]
[Date "2012.08.15"]
[Round "2.7"]
[White "Le Bail, Arielle"]
[Black "Burtin, Laurent"]
[Result "1-0"]
[WhiteElo "1876"]
[BlackElo "1950"]
[PlyCount "43"]

1. d4 d5 2. c4 Nf6 3. Nc3 e6 4. cxd5 Nxd5 5. e4 Nb6 6. Nf3 c5 7. Be3 cxd4 8.
Nxd4 Bb4 9. Qb3 Bxc3+ 10. Qxc3 O-O 11. Be2 Bd7 12. O-O Nc6 13. Rad1 Nxd4 14.
Bxd4 Rc8 15. Qa3 Ra8 16. Qg3 f6 17. Bxb6 axb6 18. Bb5 Bxb5 19. Rxd8 Rfxd8 20.
Rc1 Rd7 21. Qb3 Rad8 22. f3 1-0

[Event "Championnat de France 2012 - Open B"]
[Site "PAU"]
[Date "2012.08.15"]
[Round "2.8"]
[White "Ruch, Bernard"]
[Black "Muller, Etienne"]
[Result "1-0"]
[WhiteElo "1950"]
[BlackElo "1875"]
[PlyCount "99"]
[EventDate "2012.??.??"]

1. d4 Nf6 2. Bg5 d5 3. e3 e6 4. Bd3 c5 5. c3 Be7 6. Nd2 O-O 7. f4 c4 8. Bc2 b5
9. a3 a5 10. Ngf3 Ra6 11. Ne5 b4 12. Qf3 Rb6 13. axb4 axb4 14. Bxf6 Bxf6 15.
Bxh7+ Kxh7 16. Qh5+ Kg8 17. O-O g6 18. Qg4 bxc3 19. bxc3 Nd7 20. Ndf3 Bg7 21.
Qh3 Nxe5 22. Ng5 Re8 23. Qh7+ Kf8 24. dxe5 Rb3 25. h4 Qb6 26. h5 gxh5 27. Qxh5
Re7 28. Nh7+ Ke8 29. Qg4 Qxe3+ 30. Kh1 Bxe5 31. fxe5 Qh6+ 32. Qh3 Qxh3+ 33.
gxh3 Rxc3 34. Nf6+ Kd8 35. Kg2 Bb7 36. Kh2 d4 37. h4 Re3 38. Ng4 Re2+ 39. Kg3
Rg2+ 40. Kf4 Re8 41. Ra7 Kc8 42. Rb1 Re7 43. h5 c3 44. h6 Rxg4+ 45. Kxg4 Bf3+
46. Kxf3 c2 47. Rc1 Rxa7 48. h7 Ra3+ 49. Kg2 Rc3 50. h8=Q+ 1-0

[Event "Championnat de France 2012 - Open B"]
[Site "PAU"]
[Date "2012.08.15"]
[Round "2.9"]
[White "Anton, Jose"]
[Black "Gautier, Selvan"]
[Result "0-1"]
[WhiteElo "1865"]
[BlackElo "1949"]
[PlyCount "48"]

1. e4 c5 2. d4 cxd4 3. c3 dxc3 4. Nxc3 e6 5. Nf3 a6 6. Bc4 b5 7. Bb3 d6 8. O-O
Ra7 9. Be3 Rd7 10. Qe2 Bb7 11. Rac1 Nf6 12. Rfd1 Nxe4 13. Nxe4 Bxe4 14. Ng5 Bf5
15. g4 Bg6 16. Nxe6 fxe6 17. Bxe6 Be7 18. Qf3 Rf8 19. Qa8 h5 20. Bxd7+ Qxd7 21.
Qxb8+ Kf7 22. Qa7 Qxg4+ 23. Kf1 Be4 24. Rc7 Qxd1# 0-1

[Event "Championnat de France 2012 - Open B"]
[Site "PAU"]
[Date "2012.08.15"]
[Round "2.10"]
[White "Sauvaget, Franck"]
[Black "Mayot, Philippe"]
[Result "1-0"]
[WhiteElo "1949"]
[BlackElo "1867"]
[PlyCount "59"]

1. c4 c6 2. e4 e5 3. Nf3 d6 4. Nc3 Nf6 5. Be2 g6 6. d4 Qc7 7. Bg5 Bg7 8. O-O
Nbd7 9. d5 O-O 10. Nd2 a5 11. a3 Nc5 12. b4 axb4 13. axb4 Rxa1 14. Qxa1 Na6 15.
Qa3 c5 16. bxc5 Nxc5 17. Rb1 Bd7 18. Qa7 Qb8 19. Qb6 Be8 20. Ra1 Nfd7 21. Qa7
f6 22. Be3 Na6 23. Nb5 Qxa7 24. Bxa7 Ndc5 25. Nxd6 f5 26. Rb1 Bh6 27. Nb3 Nxe4
28. Nxe4 fxe4 29. Bg4 e3 30. fxe3 1-0

[Event "Championnat de France 2012 - Open B"]
[Site "PAU"]
[Date "2012.08.16"]
[Round "3.1"]
[White "Joslin, Jerome"]
[Black "Noreskal, Slomy"]
[Result "1-0"]
[WhiteElo "1973"]
[BlackElo "1922"]
[PlyCount "61"]

1. d4 e6 2. c4 d5 3. e3 Nf6 4. Nf3 c6 5. Bd3 Bd6 6. Nc3 Nbd7 7. e4 dxe4 8. Nxe4
Nxe4 9. Bxe4 Nf6 10. Bc2 Qa5+ 11. Bd2 Qh5 12. Qe2 Bd7 13. O-O-O b5 14. c5 Bc7
15. Rde1 O-O-O 16. h3 Be8 17. Bg5 Rxd4 18. g4 Qxg5+ 19. Nxg5 Bf4+ 20. Kb1 Bxg5
21. Qe5 Rd5 22. Qg3 Nd7 23. f4 Bd8 24. Qa3 Kb7 25. Rd1 Nf6 26. Qc3 Rg8 27. g5
Rxd1+ 28. Rxd1 Nd5 29. Rxd5 exd5 30. Bxh7 Rf8 31. Qxg7 1-0

[Event "Championnat de France 2012 - Open B"]
[Site "PAU"]
[Date "2012.08.16"]
[Round "3.2"]
[White "Cattaneo, Romain"]
[Black "Dupouy, Francois"]
[Result "1-0"]
[WhiteElo "1915"]
[BlackElo "1961"]
[PlyCount "121"]

1. g3 Nf6 2. Bg2 g6 3. d3 d5 4. Nd2 Bg7 5. Ngf3 Nc6 6. O-O O-O 7. c3 e5 8. e4
h6 9. Qc2 Be6 10. Re1 Ne8 11. Nb3 dxe4 12. dxe4 Qe7 13. Be3 b6 14. Rad1 Nd6 15.
Nbd2 Na5 16. b3 Rad8 17. Nf1 f5 18. Nh4 Qf6 19. exf5 gxf5 20. f4 e4 21. Bd4 Qf7
22. Bxg7 Kxg7 23. Ne3 Nab7 24. Rd2 a5 25. Bf1 Rd7 26. Red1 Rfd8 27. c4 c6 28.
Qc3+ Qf6 29. Qxf6+ Kxf6 30. Nhg2 Nc8 31. Rxd7 Rxd7 32. Rxd7 Bxd7 33. Nc2 Ne7
34. Nge3 Nd8 35. Nd4 c5 36. Nb5 Ne6 37. Nc3 Nc7 38. Kf2 Bc8 39. Na4 Na8 40. Ke1
Bb7 41. Kd2 Ke6 42. Bh3 Bc6 43. Nc3 Nc7 44. g4 Kf6 45. Nxf5 Nxf5 46. gxf5 Ne8
47. Ke3 Nd6 48. Ne2 b5 49. cxb5 Nxb5 50. Bg2 Nd4 51. Nxd4 cxd4+ 52. Kxd4 e3 53.
Bf1 Bg2 54. Be2 Kxf5 55. Kxe3 Bc6 56. a3 Bd5 57. b4 axb4 58. axb4 Bb7 59. b5
Ke6 60. Bf3 Bc8 61. b6 1-0

[Event "Championnat de France 2012 - Open B"]
[Site "PAU"]
[Date "2012.08.16"]
[Round "3.3"]
[White "Pouyade, Fabrice"]
[Black "Ruch, Bernard"]
[Result "0-1"]
[WhiteElo "1907"]
[BlackElo "1950"]
[PlyCount "58"]

1. Nf3 d5 2. c4 e6 3. d4 c6 4. Nc3 Nf6 5. e3 Nbd7 6. Bd3 dxc4 7. Bxc4 b5 8. Bd3
a6 9. O-O c5 10. a4 c4 11. Be2 b4 12. Na2 Qc7 13. Bd2 a5 14. Rc1 Ba6 15. Bxc4
Bxc4 16. b3 Bxb3 17. Qxb3 Qb7 18. Nc3 Be7 19. Nb5 O-O 20. Rc7 Qd5 21. Qxd5 exd5
22. Ne5 Nxe5 23. dxe5 Ne4 24. Rxe7 Nxd2 25. Rd1 Rac8 26. Nc7 Ne4 27. Rxd5 b3
28. Red7 b2 29. Rb5 Rb8 0-1

[Event "Championnat de France 2012 - Open B"]
[Site "PAU"]
[Date "2012.08.16"]
[Round "3.5"]
[White "Jacquot, David"]
[Black "Sauvaget, Franck"]
[Result "0-1"]
[WhiteElo "1903"]
[BlackElo "1949"]
[PlyCount "94"]

1. d4 d5 2. Nf3 Nf6 3. Bf4 c6 4. h3 Qb6 5. Qc1 Bf5 6. e3 g6 7. Nbd2 Bg7 8. Be2
O-O 9. O-O h6 10. Bh2 Ne4 11. Nxe4 Bxe4 12. Nd2 Bf5 13. g4 Be6 14. Bd3 c5 15.
c3 Nc6 16. Nf3 Rac8 17. Qd2 g5 18. Rfe1 f5 19. dxc5 Qxc5 20. Nd4 Nxd4 21. exd4
Qb6 22. Bxf5 Bxf5 23. gxf5 Rxf5 24. Rxe7 Rcf8 25. Rf1 Bf6 26. Re2 Qb5 27. Be5
Rf3 28. Bxf6 R8xf6 29. Kg2 Qd7 30. Rh1 Qf5 31. Qc2 Qf4 32. Rhe1 Rf5 33. Re8+
Kg7 34. R1e7+ Kg6 35. Re2 Qh4 36. Kf1 Qxh3+ 37. Ke1 Kh5 38. R8e3 Qh1+ 39. Kd2
Rxf2 40. c4 Qh4 41. Kc3 dxc4 42. Qd1 Rxe2 43. Qxe2+ g4 44. Re6 Qg3+ 45. Kxc4
Qc7+ 46. Kb3 Rf3+ 47. Re3 Qg3 0-1

[Event "Championnat de France 2012 - Open B"]
[Site "PAU"]
[Date "2012.08.16"]
[Round "3.6"]
[White "Gendre, Pascal"]
[Black "Le Bail, Arielle"]
[Result "1/2-1/2"]
[WhiteElo "1948"]
[BlackElo "1876"]
[PlyCount "95"]

1. d4 Nf6 2. c4 e6 3. Nf3 b6 4. g3 Bb7 5. Bg2 Be7 6. O-O O-O 7. Nc3 Ne4 8. Nxe4
Bxe4 9. Bf4 f5 10. d5 g5 11. Be5 d6 12. Bc3 e5 13. Nd2 Bxg2 14. Kxg2 f4 15. Ne4
Qd7 16. f3 g4 17. Qd3 Qf5 18. fxg4 Qxg4 19. Qf3 Qg6 20. g4 Nd7 21. h3 Nf6 22.
Nxf6+ Bxf6 23. e4 fxe3 24. Qxe3 Bh4 25. Qe2 Rae8 26. a3 e4 27. Rxf8+ Rxf8 28.
Rf1 Rxf1 29. Kxf1 Qf7+ 30. Kg2 Qf4 31. Be1 Bxe1 32. Qxe1 Qf3+ 33. Kg1 e3 34.
Qf1 Qg3+ 35. Qg2 Qe1+ 36. Qf1 Qd2 37. Qf6 Qe1+ 38. Kg2 Qe2+ 39. Kg1 Qd1+ 40.
Kg2 Qd2+ 41. Kg1 Qc1+ 42. Kg2 Qc2+ 43. Kg3 Qxc4 44. Qd8+ Kg7 45. Qe7+ Kg8 46.
Qe8+ Kg7 47. Qe7+ Kg8 48. Qe8+ 1/2-1/2

[Event "Championnat de France 2012 - Open B"]
[Site "PAU"]
[Date "2012.08.16"]
[Round "3.7"]
[White "Le Corre, Patrick"]
[Black "Gerandi, Guillaume"]
[Result "0-1"]
[WhiteElo "1934"]
[BlackElo "1842"]
[PlyCount "68"]

1. d4 Nf6 2. c4 c5 3. d5 b5 4. cxb5 a6 5. bxa6 g6 6. Nc3 Bxa6 7. g3 d6 8. Bh3
Bg7 9. Nf3 Nbd7 10. O-O Nb6 11. Re1 Nfd7 12. Qc2 Nc4 13. b3 Nce5 14. Ng5 h6 15.
Ne6 fxe6 16. f4 Bd3 17. Qd2 Bf5 18. Bxf5 exf5 19. fxe5 Nxe5 20. Bb2 O-O 21. Rf1
Qa5 22. Qc2 Ng4 23. Rf4 Bd4+ 24. Rxd4 cxd4 25. Nd1 Qxd5 26. Qd3 e5 27. Nc3 Qc6
28. Nd1 Qa6 29. Qd2 Kg7 30. Kg2 Qc6+ 31. Kg1 Qe4 32. a3 Rac8 33. Rc1 Rxc1 34.
Bxc1 Rc8 0-1